MARC details
| 000 -CABECERA |
| campo de control de longitud fija |
01897nam a22003977a 4500 |
| 003 - IDENTIFICADOR DEL NÚMERO DE CONTROL |
| campo de control |
DO-SdBNP |
| 005 - FECHA Y HORA DE LA ÚLTIMA TRANSACCIÓN |
| campo de control |
20250715122015.0 |
| 007 - CAMPO FIJO DE DESCRIPCIÓN FÍSICA--INFORMACIÓN GENERAL |
| campo de control de longitud fija |
ta |
| 008 - DATOS DE LONGITUD FIJA--INFORMACIÓN GENERAL |
| campo de control de longitud fija |
210909e2021 aod|gr|||| 001 e spa d |
| 020 ## - NÚMERO INTERNACIONAL ESTÁNDAR DEL LIBRO |
| Número Internacional Estándar del Libro |
9789945629033 |
| 040 ## - FUENTE DE LA CATALOGACIÓN |
| Centro catalogador/agencia de origen |
DO-SdBNP |
| Lengua de catalogación |
spa |
| Centro/agencia transcriptor |
BNPHU |
| 082 4# - NÚMERO DE LA CLASIFICACIÓN DECIMAL DEWEY |
| Número de edición |
22 |
| Número de clasificación |
382 |
| Número de documento/Ítem |
B213e |
| 110 2# - ENTRADA PRINCIPAL--NOMBRE DE ENTIDAD CORPORATIVA |
| Nombre de entidad corporativa o nombre de jurisdicción como elemento de entrada |
Banco Central de la República Dominicana |
| 9 (RLIN) |
83405 |
| 245 1# - MENCIÓN DE TÍTULO |
| Título |
Estudio económico mercado fronterizo domínico-haitiano, 2014 - 2018 / |
| Mención de responsabilidad, etc. |
Edición, Letty Gutiérrez y José Vidal; prólogo, Héctor Valdez Albizu |
| 260 ## - PUBLICACIÓN, DISTRIBUCIÓN, ETC. |
| Lugar de publicación, distribución, etc. |
Santo Domingo : |
| Nombre del editor, distribuidor, etc. |
Banco Central de la República Dominicana, |
| Fecha de publicación, distribución, etc. |
2021 |
| 300 ## - DESCRIPCIÓN FÍSICA |
| Extensión |
154 p. : |
| Otras características físicas |
il.; fot., gráf. ; |
| Dimensiones |
27 cm |
| 500 ## - NOTA GENERAL |
| Nota general |
Incluye índice |
| 500 ## - NOTA GENERAL |
| Nota general |
Incluye Glosario de términos. |
| 500 ## - NOTA GENERAL |
| Nota general |
Anexos estadísticos p. A-12 - A 619. |
| 504 ## - NOTA DE BIBLIOGRAFÍA, ETC. |
| Nota de bibliografía, etc. |
Bibliográfia : p.147 - 148 |
| 505 1# - NOTA DE CONTENIDO CON FORMATO |
| Nota de contenido con formato |
v.1 Estudio económico -- |
| Título |
Capítulo 1. Antecedentes -- |
| -- |
Capítulo 2. Aspectos Metodológicos -- |
| -- |
Capítulo 3. Resultados del estudio económico del mercado binacional Zona Fronteriza Domínico- Haitiano para el año 2017-- |
| -- |
Capítulo 4. Perfiles vendedores, compradores y transportistas -- |
| 505 #0 - NOTA DE CONTENIDO CON FORMATO |
| Nota de contenido con formato |
v.2. Anexos estadístico -- |
| 590 ## - NOTA LOCAL (RLIN) |
| Nota local |
Inventariado, 2021 S/A |
| 650 4# - PUNTO DE ACCESO ADICIONAL DE MATERIA--TÉRMINO DE MATERIA |
| Término de materia o nombre geográfico como elemento de entrada |
Mercado de exportación |
| Subdivisión cronológica |
2014-2018. |
| Subdivisión geográfica |
República Dominicana |
| 9 (RLIN) |
79793 |
| 650 4# - PUNTO DE ACCESO ADICIONAL DE MATERIA--TÉRMINO DE MATERIA |
| Término de materia o nombre geográfico como elemento de entrada |
Análisis de mercadeo |
| Subdivisión cronológica |
2014-2018 |
| Subdivisión geográfica |
República Dominicana |
| 9 (RLIN) |
79794 |
| 650 4# - PUNTO DE ACCESO ADICIONAL DE MATERIA--TÉRMINO DE MATERIA |
| Término de materia o nombre geográfico como elemento de entrada |
Mercado de exportación |
| Subdivisión cronológica |
2014-2018 |
| Subdivisión geográfica |
Haití |
| 9 (RLIN) |
79795 |
| 650 4# - PUNTO DE ACCESO ADICIONAL DE MATERIA--TÉRMINO DE MATERIA |
| 9 (RLIN) |
31866 |
| Término de materia o nombre geográfico como elemento de entrada |
Comercio |
| Subdivisión general |
Estadística |
| Subdivisión cronológica |
2014-2018. |
| Subdivisión geográfica |
Haiti |
| 650 4# - PUNTO DE ACCESO ADICIONAL DE MATERIA--TÉRMINO DE MATERIA |
| Término de materia o nombre geográfico como elemento de entrada |
Comercio |
| Subdivisión general |
Estadísticas |
| Subdivisión cronológica |
2014-2018 |
| Subdivisión geográfica |
República Dominicana |
| 9 (RLIN) |
79796 |
| 650 40 - PUNTO DE ACCESO ADICIONAL DE MATERIA--TÉRMINO DE MATERIA |
| Término de materia o nombre geográfico como elemento de entrada |
Estadística comercial |
| Subdivisión geográfica |
República Dominicana |
| 9 (RLIN) |
4648 |
| 690 ## - PUNTO DE ACCESO ADICIONAL DE MATERIA LOCAL--TÉRMINO DE MATERIA (OCLC, RLIN) |
| Fuente del encabezamiento o término |
|
| Término de materia o nombre geográfico como elemento inicial |
Análisis de mercadeo. |
| 9 (RLIN) |
79797 |
| 700 1# - PUNTO DE ACCESO ADICIONAL--NOMBRE DE PERSONA |
| Nombre de persona |
Gutiérrez, Letty, |
| Término indicativo de función/relación |
ed. |
| 9 (RLIN) |
83147 |
| 700 1# - PUNTO DE ACCESO ADICIONAL--NOMBRE DE PERSONA |
| 9 (RLIN) |
2046 |
| Nombre de persona |
Vidal, José, |
| Término indicativo de función/relación |
ed. |
| 700 1# - PUNTO DE ACCESO ADICIONAL--NOMBRE DE PERSONA |
| Nombre de persona |
Valdez Albizu, Héctor, |
| Fechas asociadas al nombre |
1947- |
| 9 (RLIN) |
12322 |
| 910 ## - DATOS DE OPCIÓN DEL USUARIO (OCLC) |
| Datos de opción del usuario |
Saquino |
| 942 ## - ELEMENTOS DE PUNTO DE ACCESO ADICIONAL (KOHA) |
| Fuente del sistema de clasificación o colocación |
Dewey Decimal Classification |
| Tipo de ítem Koha |
Libro |